Memoria Seminario: Legislacin̤, administracin̤ pb︢lica y globalizacin̤

Detalles Bibliográficos
Formato: eBook
Lenguaje:español
Publicado: Ciudad de Mx̌ico: Cm̀ara de Diputados, 2010
Materias:
Acceso en línea:Acceso restringido

MARC

LEADER 00000nam a22000007a 4500
005 20170713233229.0
007 cr|||| ||||
008 170713s2010 mx |||||s||||f00||0 spa d
035 |a 20412 
040 |a vLex 
090 |c 6821  |d 6821 
245 0 0 |a Memoria  |h [Recurso electrn̤ico] :  |b Seminario: Legislacin̤, administracin̤ pb︢lica y globalizacin̤ 
256 |a Servicio en ln̕ea 
260 |a Ciudad de Mx̌ico:  |b Cm̀ara de Diputados,  |c 2010 
300 |a 1 recurso electrn̤ico (476 p.) 
506 1 |a Disponible solo en los productos indicados  |d vLex Global  |d vLex Global (Academic Edition, excluding Law Schools)  |d vLex Global (U.S. Academic Edition, Law Schools)  |d vLex Global (U.S. Academic Edition, excluding Law Schools)  |d vLex Global (Academic Edition, Law Schools) 
650 0 4 |a Derecho Pb︢lico y Administrativo  |z Mx̌ico 
740 0 |a vLex Libros (Servicio en ln̕ea) 
856 4 0 |u http://vlex.com/source/memoria-seminario-legislacion-administracion-publica-globalizacion-20412  |z Acceso restringido 
942 |c BOOK 
999 0 |a Public and Administrative Law